000 00531nam a2200181Ia 4500
003 GCL
008 140319s9999 xx 000 0 ara d
040 _aGCL /
_cGCL
082 0 4 _a327.1011
_bف م
100 1 _aفؤاد مرسى
245 1 0 _aالمشاركة: استعمار جديد /
_cفؤاد مرسى
300 _a48 ص
490 _aقضايا اقتصادية
_v0
650 0 4 _aالدول النامية
650 0 4 _aالاستعمار الجديد
650 0 4 _aالمشاركة السياسية
942 _2ddc
_cBK
999 _c51619
_d51619